[Event "Tourn. n8292"]
[Site "www.chess-mail.com"]
[Date "2015.09.13"]
[Round "1"]
[White "Bojan"]
[Black "Julian"]
[WhiteElo "1890"]
[BlackElo "1920"]
[Result "1-0"]
[Round "1"]
1.e4 c5
2.Ng1f3 d6
3.d4 cxd4
4.Nf3xd4 Ng8f6
5.Bf1d3 a6
6.Nb1c3 e5
7.Nd4b3 Bc8e6
8.Bc1g5 Bf8e7
9.Qd1f3 Nb8d7
10.Nc3d5 Nf6xd5
11.exd5 Be7xg5
12.dxe6 fxe6
13.Qf3xb7 O-O
14.Qb7e4 Nd7f6
15.Qe4e2 Nf6d5
16.g3 Qd8b6
17.O-O a5
18.Ra1b1 a4
19.Nb3d2 Rf8f6
20.Nd2c4 Qb6c5
21.a3 Ra8b8
22.b4 axb3
23.cxb3 Nd5c3
24.Qe2c2 Nc3xb1
25.Bd3xh7 Kh8
26.Qc2xb1 Qc5xc4
27.bxc4 Rb8xb1
28.Bh7xb1 Rf6f8
29.Rf1d1 Bg5e7
30.Bb1e4 d5
31.cxd5 exd5
32.Rd1xd5 Be7xa3
33.Rd5xe5 Rf8d8
34.Kg2 Kg8
35.Be4d5 Kh7
36.h4 Kg6
37.g4 Ba3b2
38.Re5f5 Bb2f6
39.Kg3 Rd8e8
40.h5 Kh7
41.Kf4 Re8b8
42.Bd5e4 Kg8
43.g5 Bf6c3
44.Rf5d5 Rb8f8
45.Be4f5 Bc3e1
46.f3 Rf8a8
47.Bf5g6 Ra8f8
48.Kg4 Be1f2
49.Bg6f5 Bf2e3
50.Rd5d3 Be3b6
51.f4 Rf8a8
52.Rd3d6 Bb6e3
53.Bf5e4 Ra8f8
54.f5 Rf8b8
55.f6 gxf6
56.Rd6xf6 Rb8b4
57.Kf3 Be3d4
58.Be4d5 Kg7
59.Rf6f7 Kh8
60.g6 Bd4g7
61.h6 { resign }
1-0

[Event "Tourn. n8316"]
[Site "www.chess-mail.com"]
[Date "2015.09.13"]
[Round "1"]
[White "Roserl"]
[Black "Mitja"]
[WhiteElo "1900"]
[BlackElo "1660"]
[Result "0-1"]
[Round "1"]
1.e4 d5
2.exd5 Qd8xd5
3.Nb1c3 Qd5d8
4.d4 e6
5.a3 c6
6.Ng1f3 h6
7.Bf1c4 Nb8d7
8.O-O Ng8f6
9.h3 Nd7b6
10.Bc4b3 Nf6d5
11.Nc3e4 Nd5f6
12.Ne4g3 Qd8c7
13.Rf1e1 Bf8d6
14.Ng3f5 Rh8g8
15.c4 Bd6e7
16.Nf5xe7 Qc7xe7
17.Bc1f4 g5
18.Bf4g3 Bc8d7
19.a4 Ra8d8
20.Qd1e2 Bd7c8
21.Ra1d1 Nf6h5
22.d5 Nh5xg3
23.fxg3 Qe7c5
24.Kh2 cxd5
25.cxd5 Nb6xd5
26.Nf3d4 Kf8
27.Qe2h5 Kg7
28.Nd4f3 Nd5f6
{ resign }
0-1

[Event "Tourn. n8354"]
[Site "www.chess-mail.com"]
[Date "2015.09.13"]
[Round "1"]
[White "Raulazo"]
[Black "Libiesse"]
[WhiteElo "2020"]
[BlackElo "2120"]
[Result "0-1"]
[Round "1"]
1.e4 c5
2.Ng1f3 e6
3.d4 cxd4
4.Qd1xd4 Nb8c6
5.Qd4c3 Bf8b4
6.Bc1g5 Qd8a5
7.Qc3xb4 Qa5xb4
8.Nb1c3 Qb4xb2
9.Ra1b1 Qb2xc3
10.Kd1 Ng8e7
11.Bg5d2 Qc3c5
12.Bd2e3 Qc5a5
13.Rb1b2 d5
14.Be3d2 Qa5c7
15.Bf1b5 O-O
16.g3 dxe4
17.Nf3g5 a6
18.Bb5e2 Rf8d8
19.Be2h5 Qc7e5
20.Bh5xf7 Kf8
21.Kc1 Rd8xd2
22.h4 Rd2xf2
23.Bf7h5 h6
24.Ng5h3 Rf2g2
25.Rh1f1 Kg8
26.Nh3f4 Rg2xg3
27.Bh5f7 Kh8
28.Nf4e2 Rg3f3
29.Rf1xf3 exf3
{ resign }
0-1

[Event "Tourn. n8318"]
[Site "www.chess-mail.com"]
[Date "2015.09.13"]
[Round "1"]
[White "Xkafi"]
[Black "Wegaman"]
[WhiteElo "1960"]
[BlackElo "1890"]
[Result "1-0"]
[Round "1"]
1.e4 e6
2.d4 d5
3.e5 c5
4.Ng1f3 Nb8c6
5.Bf1b5 Qd8b6
6.a4 a6
7.Bb5e2 Ng8e7
8.dxc5 Qb6xc5
9.Bc1e3 Qc5b4
10.Nb1d2 Qb4xb2
11.Ra1b1 Qb2a2
12.c3 Qa2a3
13.Qd1c2 Ne7g6
14.O-O Ng6xe5
15.Nf3xe5 Nc6xe5
16.Be3d4 Qa3d6
17.Rb1b6 Qd6b8
18.Rf1b1 Ne5g6
19.Be2xa6 e5
20.Ba6xb7 Bc8xb7
21.Rb6xb7 Qb8d6
22.Rb1b6 Qd6d8
23.Qc2f5 Bf8e7
24.Bd4xe5 O-O
25.Be5c7 Qd8e8
26.Qf5xd5 Ra8xa4
27.Nd2b3 Be7c5
28.Qd5d1 Bc5xb6
29.Rb7xb6 Ra4e4
30.Kf1 Qe8c8
31.Qd1d6 Qc8e8
32.Qd6d1 Qe8e7
33.Bc7d6 Qe7d8
34.Rb6b8 Qd8xb8
35.Bd6xb8 Rf8xb8
36.f3 Re4e8
37.g3 h6
38.Kg2 Re8d8
39.Nb3d4 Rb8c8
40.Qd1b3 Rc8b8
41.Nd4b5 Rd8d2
42.Kh3 Rd2d8
43.c4 Ng6e5
44.f4 Ne5g6
45.c5 Rd8c8
46.Qb3b4 Ng6e7
47.Qb4c4 Ne7c6
48.Nb5d6 Rc8c7
49.Qc4c3 Rb8d8
50.Nd6f5 f6
51.Qc3c4 Kh8
52.Kg4 Rd8c8
53.Nf5d6 Rc8d8
54.Nd6f7 Kh7
55.Nf7xd8 Nc6xd8
56.Qc4d5 Rc7c8
57.Qd5f5 { resign }
1-0

[Event "Tourn. n8351"]
[Site "www.chess-mail.com"]
[Date "2015.09.13"]
[Round "1"]
[White "Fkarpov"]
[Black "Panamski"]
[WhiteElo "2090"]
[BlackElo "2080"]
[Result "1/2-1/2"]
[Round "1"]
1.e4 c5
2.Ng1f3 e6
3.Nb1c3 a6
4.d4 cxd4
5.Nf3xd4 Qd8c7
6.Qd1f3 Bf8b4
7.Bc1d2 Ng8e7
8.Bf1d3 Nb8c6
9.Nd4xc6 Qc7xc6
10.O-O O-O
11.a3 Bb4xc3
12.Bd2xc3 Ne7g6
13.Rf1e1 b5
14.Qf3g3 Bc8b7
15.Ra1d1 d5
16.e5 Ra8d8
17.h3 Qc6b6
18.Bd3xg6 hxg6
19.Bc3d4 Qb6c6
20.Qg3c3 Rd8c8
21.Qc3xc6 Rc8xc6
22.c3 f6
23.f4 Kf7
24.exf6 gxf6
25.g3 Rf8e8
26.g4 Rc6c4
27.b3 Rc4c7
28.Rd1d3 Rc7e7
29.Rd3e3 Bb7c8
30.g5 f5
31.Bd4f6 Re7c7
32.Bf6e5 Rc7c6
33.h4 Bc8d7
34.Kg2 Bd7c8
35.Be5d4 Bc8b7
36.Kg3 Bb7c8
37.Bd4e5 Re8d8
38.Be5f6 Rd8d6
39.Bf6e5 Rd6d8
40.Be5f6 Rd8e8
41.Bf6e5 Bc8d7
42.Be5f6 Re8c8
43.Kf3 Rc8e8
{ draw }
1/2-1/2

[Event "Tourn. n8309"]
[Site "www.chess-mail.com"]
[Date "2015.09.13"]
[Round "1"]
[White "Huw"]
[Black "Bjonil60"]
[WhiteElo "999"]
[BlackElo "1190"]
[Result "1-0"]
[Round "1"]
1.d4 d5
2.c4 c6
3.Ng1f3 h6
4.Nb1c3 Ng8f6
5.Bc1f4 Nb8d7
6.e3 b6
7.Bf1d3 e6
8.O-O g5
9.Bf4g3 a6
10.Qd1e2 Bf8b4
11.Nf3e5 Nd7xe5
12.Bg3xe5 Rh8g8
13.Qe2f3 Nf6h7
14.Bd3xh7 Rg8f8
15.Be5g7 b5
16.c5 Bb4xc3
17.bxc3 Ke7
18.Bg7f6 Ke8
19.Bf6xd8 Kxd8
20.Qf3f6 Ke8
21.f4 gxf4
22.Rf1xf4 a5
23.Bh7g6 Rf8g8
24.Qf6xf7 Kd8
25.Qf7xg8 Kc7
26.Rf4f7 Bc8d7
27.Qg8xa8 b4
28.Qa8a7 Kd8
29.Qa7xd7 
1-0

[Event "Tourn. n8252"]
[Site "www.chess-mail.com"]
[Date "2015.09.13"]
[Round "1"]
[White "Greghghs"]
[Black "Nimzo"]
[WhiteElo "2380"]
[BlackElo "2720"]
[Result "0-1"]
[Round "1"]
1.e4 e6
2.d4 d5
3.Nb1d2 c5
4.Ng1f3 Ng8f6
5.exd5 exd5
6.Bf1b5 Bc8d7
7.Bb5xd7 Nb8xd7
8.O-O Bf8e7
9.dxc5 Nd7xc5
10.Nd2b3 Nc5e4
11.Nf3d4 Ne4d6
12.Bc1f4 O-O
13.Rf1e1 Rf8e8
14.Qd1d3 Nd6c4
15.Ra1b1 Qd8b6
16.Nd4f5 Be7f8
17.Bf4e3 Qb6e6
18.Nb3d4 Qe6d7
19.c3 g6
20.Nf5g3 Nc4xe3
21.Re1xe3 Re8xe3
22.Qd3xe3 Ra8e8
23.Qe3d3 Qd7a4
24.a3 Qa4c4
25.Qd3f3 Qc4a2
26.Qf3d1 Nf6e4
27.Ng3e2 Ne4d2
28.Rb1c1 Nd2c4
29.b3 Nc4xa3
30.Ne2f4 Bf8h6
31.Rc1a1 Qa2b2
32.Nf4xd5 Re8d8
33.Nd4f5 Bh6g5
34.Nd5e7 Bg5xe7
35.Nf5xe7 Kg7
36.Qd1e1 Kf8
{ resign }
0-1

[Event "Tourn. n8352"]
[Site "www.chess-mail.com"]
[Date "2015.09.13"]
[Round "1"]
[White "Jhw"]
[Black "Numanoid"]
[WhiteElo "2380"]
[BlackElo "2500"]
[Result "0-1"]
[Round "1"]
1.c4 g6
2.Ng1f3 Bf8g7
3.e3 c5
4.d4 Ng8f6
5.Nb1c3 O-O
6.Bc1d2 cxd4
7.exd4 d5
8.Bf1d3 dxc4
9.Bd3xc4 Bc8g4
10.O-O Nb8c6
11.Bd2e3 Bg4xf3
12.gxf3 Qd8d7
13.d5 Nc6e5
14.Bc4b5 Qd7h3
15.Bb5e2 Rf8d8
16.f4 Ne5g4
{ resign }
0-1

[Event "Tourn. n8373"]
[Site "www.chess-mail.com"]
[Date "2015.09.13"]
[Round "1"]
[White "Madz123456"]
[Black "Heiserman"]
[WhiteElo "2220"]
[BlackElo "2100"]
[Result "1-0"]
[Round "1"]
1.e4 c5
2.Ng1f3 Nb8c6
3.d4 cxd4
4.Nf3xd4 g6
5.Nb1c3 Bf8g7
6.Bc1e3 d6
7.f3 Nc6xd4
8.Be3xd4 e5
9.Bd4e3 Ng8e7
10.Qd1d2 O-O
11.Be3g5 f6
12.Bf1c4 Kh8
13.Bg5e3 f5
14.O-O-O f4
15.Be3f2 Ne7c6
16.Nc3b5 Qd8a5
17.Qd2xa5 Nc6xa5
18.Bc4d5 { resign }
1-0

[Event "Tourn. n8332"]
[Site "www.chess-mail.com"]
[Date "2015.09.13"]
[Round "1"]
[White "Pariolinius"]
[Black "Odin"]
[WhiteElo "1990"]
[BlackElo "1830"]
[Result "1-0"]
[Round "1"]
1.e4 e5
2.Bf1c4 Ng8f6
3.Nb1c3 Bf8b4
4.d3 a6
5.a3 Bb4a5
6.b4 Ba5b6
7.Bc1g5 O-O
8.Ng1f3 d6
9.O-O Bc8g4
10.Nc3d5 Bb6d4
11.Ra1b1 c6
12.Nd5xf6 gxf6
13.Bg5h4 Nb8d7
14.h3 Bg4h5
15.g4 Bh5g6
16.Kh2 Qd8c7
17.Nf3xd4 exd4
18.f4 b5
19.Bc4b3 a5
20.f5 Kh8
21.fxg6 fxg6
22.Bh4g3 c5
23.Bb3d5 Ra8a7
24.Rb1a1 Nd7e5
25.Qd1d2 c4
26.Ra1c1 c3
27.Qd2g2 axb4
28.axb4 Ra7a2
29.Bd5xa2 Qc7a7
30.Ba2d5 Qa7a3
31.Rc1b1 Qa3a7
32.Rb1a1 Qa7c7
33.Ra1a5 Qc7b6
34.Bg3f4 g5
35.Bf4xg5 Qb6d8
36.Ra5a8 Qd8e7
37.Bg5xf6 { resign }
1-0

[Event "Tourn. n8328"]
[Site "www.chess-mail.com"]
[Date "2015.09.13"]
[Round "1"]
[White "Caspito"]
[Black "Passaroa25"]
[WhiteElo "1690"]
[BlackElo "1640"]
[Result "1-0"]
[Round "1"]
1.e4 c6
2.d4 d6
3.Nb1c3 Nb8d7
4.Bf1c4 Ng8f6
5.Qd1f3 Nd7b6
6.Bc4b3 Bc8g4
7.Qf3g3 Bg4e6
8.Bb3xe6 fxe6
9.Qg3h3 g6
10.Qh3xe6 Bf8g7
11.Ng1f3 h6
12.O-O Nb6d7
13.b3 Nd7f8
14.Qe6c4 Qd8d7
15.b4 b5
16.Qc4d3 Nf8e6
17.a4 Ne6c7
18.a5 a6
19.Bc1e3 O-O
20.e5 Qd7f5
21.Qd3xf5 gxf5
22.exf6 Rf8xf6
23.Nc3e2 Rf6e6
24.Nf3h4 Ra8f8
25.Ne2f4 Re6f6
26.Nh4g6 Rf8f7
27.Ra1d1 Nc7e6
28.d5 Ne6xf4
29.Ng6xf4 Kh7
30.dxc6 e5
31.Nf4d5 Rf6g6
32.c7 Rf7f8
33.Nd5e7 Rg6g5
34.c8Q Rf8xc8
35.Ne7xc8 f4
36.Be3c1 Bg7f8
37.Nc8xd6 Kg6
38.c3 Bf8xd6
39.Rd1xd6 Kh5
40.Rd6xa6 e4
41.f3 e3
42.g4 Rg5xg4
43.fxg4 Kxg4
44.Ra6xh6 e2
45.Rf1e1 f3
46.Kf2 Kf5
47.Kxf3 Ke5
48.Rh6h5 Kd6
49.Re1xe2 { resign }
1-0

[Event "Tourn. n8335"]
[Site "www.chess-mail.com"]
[Date "2015.09.13"]
[Round "1"]
[White "Numanoid"]
[Black "Julianlore"]
[WhiteElo "2500"]
[BlackElo "2560"]
[Result "1/2-1/2"]
[Round "1"]
1.e4 c5
2.Ng1f3 Nb8c6
3.d4 cxd4
4.Nf3xd4 e6
5.Nb1c3 a6
6.Bc1e3 Ng8f6
7.Bf1e2 Qd8c7
8.O-O Bf8b4
9.Nc3a4 Bb4e7
10.Nd4xc6 bxc6
11.Na4b6 Ra8b8
12.Nb6xc8 Qc7xc8
13.Be3d4 c5
14.Bd4e5 Rb8b6
15.b3 O-O
16.Qd1d3 d6
17.Be5b2 d5
18.exd5 exd5
19.Ra1d1 c4
20.Qd3g3 cxb3
21.cxb3 Qc8c2
22.Bb2d4 Rb6e6
23.Be2d3 Qc2xa2
24.Bd3f5 Re6c6
25.Qg3d3 Qa2a5
26.Bd4xf6 { draw }
1/2-1/2

[Event "Match"]
[Site "www.echecsemail.com"]
[Date "2015.09.13"]
[Round "1"]
[White "Fangshuo1"]
[Black "Coraza"]
[WhiteElo "1499"]
[BlackElo "1789"]
[Result "1-0"]
[Round "1"]
1.e4 e5
2.Ng1f3 Nb8c6
3.Bf1b5 Nc6d4
4.Nf3xd4 exd4
5.b3 c6
6.Bb5e2 d5
7.exd5 Ng8f6
8.dxc6 bxc6
9.Bc1b2 c5
10.d3 Bc8b7
11.O-O Bf8e7
12.Be2f3 Ra8b8
13.Nb1d2 O-O
14.Rf1e1 Rf8e8
15.Bb2a3 Qd8c7
16.Nd2e4 Be7d6
17.Ne4xf6 gxf6
18.Re1xe8 Rb8xe8
19.g3 Kh8
20.Bf3xb7 Qc7xb7
21.Qd1h5 Re8g8
22.Qh5f5 Qb7e7
23.Kf1 Rg8e8
24.h4 Qe7e2
25.Kg2 Bd6e5
26.Ba3xc5 Qe2xc2
27.Bc5d6 Be5xd6
28.Qf5xf6 Kg8
29.Qf6xd6 Qc2xd3
30.Qd6c6 Kf8
31.Qc6c5 Kg8
32.Qc5xa7 Qd3e4
33.Kg1 Re8e7
34.Qa7b8 Re7e8
35.Qb8f4 Qe4d5
36.Ra1d1 Re8e4
37.Qf4g5 Qd5xg5
38.hxg5 Kg7
39.Kf1 Kg6
40.f4 Kf5
41.Kf2 f6
42.gxf6 Kxf6
43.a4 h5
44.Rd1e1 Re4xe1
45.Kxe1 Kf5
46.a5 Ke4
47.a6 { resign }
1-0

[Event "Match"]
[Site "www.echecsemail.com"]
[Date "2015.09.13"]
[Round "1"]
[White "Culiflori"]
[Black "Coraza8091"]
[WhiteElo "1960"]
[BlackElo "1659"]
[Result "1-0"]
[Round "1"]
1.e4 e5
2.Ng1f3 Nb8c6
3.Bf1c4 h6
4.d4 Bf8b4
5.c3 Bb4a5
6.Nf3xe5 Nc6xe5
7.dxe5 Ba5b6
8.Qd1f3 f6
9.exf6 Ng8xf6
10.O-O c6
11.e5 d5
12.exf6 gxf6
13.Qf3h5 Kf8
14.Bc4d3 Bc8e6
15.Bc1xh6 Ke7
16.Rf1e1 Kd7
17.Bd3f5 Be6xf5
18.Qh5xf5 Kd6
19.Bh6f4 Kc5
20.Bf4e3 Kd6
21.Be3xb6 axb6
22.Re1e6 Kc5
23.Qf5xf6 Qd8c7
24.Qf6d4 Kb5
25.Qd4b4 { resign }
1-0

[Event "Match"]
[Site "www.echecsemail.com"]
[Date "2015.09.13"]
[Round "1"]
[White "Pare123"]
[Black "Ztornad"]
[WhiteElo "1990"]
[BlackElo "1740"]
[Result "1-0"]
[Round "1"]
1.c4 c5
2.Nb1c3 Ng8f6
3.e4 d6
4.h3 g5
5.Bf1e2 Nb8c6
6.Ng1f3 h6
7.d3 a6
8.Bc1e3 Bf8g7
9.Qd1d2 e5
10.O-O-O O-O
11.h4 g4
12.Nf3h2 Nc6d4
13.Rd1e1 a5
14.Be3xh6 Nf6h5
15.Be2xg4 Bc8xg4
16.Nh2xg4 f6
17.Bh6xg7 Nh5xg7
18.Ng4h6 Kh7
19.g4 Nd4f3
20.Qd2e3 Nf3xe1
21.Rh1xe1 a4
22.a3 b6
23.g5 f5
24.exf5 Ng7xf5
25.Qe3e4 Kg7
26.Nh6xf5 Kf7
27.Qe4d5 Kg6
28.Qd5e6 Rf8f6
29.Nf5e7 Kh5
30.gxf6 Ra8a7
31.Qe6f5 Kxh4
32.Re1h1 
1-0

[Event "Match"]
[Site "www.echecsemail.com"]
[Date "2015.09.13"]
[Round "1"]
[White "Culiflori"]
[Black "Paco"]
[WhiteElo "1900"]
[BlackElo "1840"]
[Result "1-0"]
[Round "1"]
1.e4 e5
2.Ng1f3 Nb8c6
3.Bf1c4 f6
4.d4 exd4
5.Nf3xd4 Bf8c5
6.Nd4xc6 bxc6
7.Qd1h5 g6
8.Qh5xc5 Bc8b7
9.Bc4xg8 Rh8xg8
10.Nb1c3 d6
11.Qc5c4 Kd7
12.Bc1f4 Rg8e8
13.O-O-O g5
14.Bf4g3 h5
15.h4 g4
16.Rh1e1 a5
17.e5 Bb7a6
18.Qc4a4 d5
19.Nc3xd5 Kc8
20.Nd5b6 Kb7
21.Rd1xd8 Re8xd8
22.Nb6c4 fxe5
23.Nc4xe5 Ba6b5
24.Qa4b3 Ka6
25.a4 Ra8b8
26.axb5 Rb8xb5
27.Qb3c4 Rd8b8
28.Qc4xc6 Rb5b6
29.Qc6c4 Ka7
30.Ne5d7 Rb6xb2
31.Kd2 Kb7
32.Qc4xc7 { resign }
1-0

[Event "1/128 Finale"]
[Site "www.chess-mail.com"]
[Date "2015.09.13"]
[Round "1"]
[White "Raulazo"]
[Black "Bevittsmith"]
[WhiteElo "1990"]
[BlackElo "2240"]
[Result "0-1"]
[Round "1"]
1.e4 e6
2.Ng1f3 d5
3.exd5 exd5
4.Qd1e2 Bf8e7
5.d4 Ng8f6
6.Nb1c3 Bc8f5
7.Bc1g5 Nb8d7
8.O-O-O O-O
9.Qe2b5 Nd7b6
10.Bf1d3 c6
11.Qb5b3 Bf5e6
12.h4 h6
13.Bg5f4 Be7d6
14.Bf4d2 Qd8c7
15.Rd1e1 a5
16.a4 Nf6e4
17.Nc3d1 c5
18.Bd3xe4 dxe4
19.Qb3b5 exf3
20.gxf3 Be6c4
21.Qb5xc4 Nb6xc4
22.Rh1g1 Nc4xd2
23.Kxd2 Bd6f4
24.Kd3 cxd4
25.Re1e4 Ra8c8
26.c3 dxc3
27.bxc3 Rf8d8
28.Ke2 Rd8d2
29.Ke1 Rd2xd1
30.Kxd1 Rc8d8
31.Ke1 Qc7xc3
32.Kf1 Rd8d1
33.Kg2 Rd1xg1
34.Kxg1 Qc3xf3
35.Re4c4 Qf3d1
36.Kg2 Qd1d5
{ resign }
0-1

[Event "1/16 Finale"]
[Site "www.chess-mail.com"]
[Date "2015.09.13"]
[Round "1"]
[White "Seger"]
[Black "Amaya"]
[WhiteElo "2770"]
[BlackElo "1950"]
[Result "1-0"]
[Round "1"]
1.d4 Ng8f6
2.e3 g6
3.c4 Bf8g7
4.Ng1f3 O-O
5.Bf1e2 d6
6.O-O Nb8d7
7.Nb1c3 e5
8.b3 Rf8e8
9.Bc1b2 e4
10.Nf3d2 c6
11.Qd1c2 d5
12.cxd5 cxd5
13.Nc3b5 Nd7b6
14.Nb5c7 Bc8e6
15.Nc7xa8 Qd8xa8
16.Rf1c1 Re8c8
17.Qc2d1 Qa8b8
18.Bb2a3 h5
19.h3 Bg7f8
20.Ba3xf8 Kxf8
21.a4 a6
22.a5 Nb6a8
23.Rc1xc8 Be6xc8
24.Qd1c1 Na8c7
25.Qc1c5 Kg7
26.Ra1c1 Nf6e8
27.f3 Bc8e6
28.fxe4 dxe4
29.Qc5e5 Kh7
30.Nd2xe4 Be6d5
31.Rc1xc7 Ne8xc7
32.Ne4f6 Kh6
33.g4 Bd5e6
34.g5 Kg7
35.Nf6d7 { resign }
1-0

[Event "1/16 Finale"]
[Site "www.chess-mail.com"]
[Date "2015.09.13"]
[Round "1"]
[White "Guidom"]
[Black "Llord"]
[WhiteElo "2190"]
[BlackElo "1890"]
[Result "1-0"]
[Round "1"]
1.e4 e5
2.Ng1f3 Nb8c6
3.Bf1b5 Bf8c5
4.O-O a6
5.Bb5a4 b5
6.Ba4b3 Ng8f6
7.d3 Nf6g4
8.h3 Ng4xf2
9.Rf1xf2 Bc5xf2
10.Kxf2 O-O
11.Bc1g5 Qd8e8
12.Bb3d5 h6
13.Bg5h4 Ra8b8
14.Nb1c3 d6
15.Qd1d2 Nc6e7
16.Bd5b3 Ne7g6
17.Bh4g3 c5
18.a4 bxa4
19.Ra1xa4 Rb8a8
20.Bb3d5 Ra8b8
21.b3 Ng6e7
22.Bd5c4 Ne7c6
23.Bc4xa6 Bc8xa6
24.Ra4xa6 Nc6b4
25.Ra6xd6 f6
26.Nc3d5 Nb4xd5
27.Rd6xd5 Rb8c8
28.Qd2a5 Qe8e7
29.Nf3h4 Rc8a8
30.Qa5xc5 Qe7e8
31.Nh4f5 Kh7
32.Qc5e3 Ra8c8
33.Qe3d2 Rf8f7
34.Nf5d6 Qe8d7
35.Nd6xc8 Qd7xc8
36.c4 Rf7b7
37.b4 Qc8f8
38.b5 g5
39.Qd2a5 h5
40.Kg1 h4
41.Bg3f2 Kg6
42.Qa5a6 Rb7b8
43.Qa6e6 Rb8e8
44.Qe6f5 Kh6
45.Rd5d7 Re8e7
46.Bf2c5 { resign }
1-0

[Event "Eq:Team USA-Clubul Central de Sah : "]
[Site "www.chess-mail.com"]
[Date "2015.09.13"]
[Round "1"]
[White "Gatrooper"]
[Black "Pispindroi"]
[WhiteElo "1470"]
[BlackElo "2620"]
[Result "0-1"]
[Round "1"]
1.e4 c5
2.d3 e6
3.e5 Nb8c6
4.Nb1c3 Nc6xe5
5.Ng1f3 Ne5xf3
6.Qd1xf3 Ng8e7
7.Bc1g5 h6
8.Bg5xe7 Bf8xe7
9.Nc3e4 Qd8b6
10.b3 Qb6a5
11.c3 d5
12.Ne4d2 Be7f6
13.a3 Bf6xc3
14.b4 cxb4
15.Ra1d1 bxa3
16.Bf1e2 Bc3xd2
17.Rd1xd2 a2
18.O-O Qa5xd2
19.h3 Bc8d7
20.Rf1a1 Qd2b2
21.Ra1d1 Ra8c8
22.Qf3f4 Qb2xe2
23.Rd1a1 Qe2b2
24.Ra1xa2 Qb2xa2
25.Kh2 Qa2b2
26.d4 O-O
27.Qf4e5 Rc8c2
28.Qe5g3 Rc2xf2
29.h4 Qb2xd4
30.h5 e5
31.Kh1 Rf2f1
32.Kh2 Qd4g1
{ resign }
0-1

[Event "Fast Game"]
[Site "www.echecsemail.com"]
[Date "2015.09.13"]
[Round "1"]
[White "Bojan"]
[Black "Mitja"]
[WhiteElo "1690"]
[BlackElo "1660"]
[Result "1-0"]
[Round "1"]
1.c4 d5
2.c5 e5
3.b4 c6
4.d4 e4
5.e3 b5
6.Nb1c3 a6
7.a4 Ng8f6
8.axb5 Bc8b7
9.bxc6 Bb7xc6
10.Qd1b3 Bf8e7
11.Ng1e2 Qd8c7
12.Ne2f4 h6
13.Nf4xd5 Nf6xd5
14.Nc3xd5 Bc6xd5
15.Qb3xd5 Ra8a7
16.Bf1c4 O-O
17.Qd5xe4 Rf8e8
18.Qe4f3 Be7f6
19.O-O Qc7c8
20.Bc1d2 Nb8c6
21.Ra1a2 Nc6b8
22.Rf1a1 Re8d8
23.b5 Rd8xd4
24.exd4 { resign }
1-0

[Event "Tourn. n8277"]
[Site "www.chess-mail.com"]
[Date "2015.09.14"]
[Round "1"]
[White "Seger"]
[Black "Nimzo"]
[WhiteElo "2690"]
[BlackElo "2720"]
[Result "1/2-1/2"]
[Round "1"]
1.e4 e6
2.Bf1c4 d5
3.exd5 exd5
4.Bc4b3 Ng8f6
5.d4 Bf8d6
6.Ng1f3 O-O
7.O-O c6
8.Bc1e3 Rf8e8
9.h3 a5
10.c3 Bc8f5
11.Nb1d2 Nb8d7
12.Bb3c2 Bf5xc2
13.Qd1xc2 h6
14.Rf1e1 a4
15.c4 Nd7f8
16.c5 Bd6c7
17.Ra1b1 Nf6e4
18.b3 axb3
19.Rb1xb3 Ra8a7
20.Re1b1 f5
21.Nd2xe4 dxe4
22.Nf3e5 Bc7xe5
23.dxe5 Qd8d7
24.Rb3b4 Qd7f7
25.a4 Nf8g6
26.Qc2b3 Re8e7
27.e6 Qf7xe6
28.Qb3xe6 Re7xe6
29.Rb4xb7 Ra7xa4
30.Rb7c7 Ng6h4
31.Kf1 Kh7
32.Rb1d1 Re6g6
33.g3 Nh4f3
34.h4 h5
35.Rc7f7 Rg6f6
36.Rf7c7 Ra4a2
37.Rd1d6 Ra2a1
{ draw }
1/2-1/2

[Event "Tourn. n8364"]
[Site "www.chess-mail.com"]
[Date "2015.09.14"]
[Round "1"]
[White "Julian"]
[Black "Hdr"]
[WhiteElo "1820"]
[BlackElo "1640"]
[Result "1-0"]
[Round "1"]
1.e4 c5
2.Ng1f3 Nb8c6
3.c3 Ng8f6
4.e5 Nf6d5
5.d4 cxd4
6.cxd4 d6
7.Bf1c4 e6
8.exd6  { time }
1-0

[Event "Tourn. n8360"]
[Site "www.chess-mail.com"]
[Date "2015.09.14"]
[Round "1"]
[White "Hdr"]
[Black "Iko"]
[WhiteElo "1640"]
[BlackElo "1600"]
[Result "0-1"]
[Round "1"]
1.e4 e5
2.Ng1f3 Nb8c6
3.Bf1c4 Bf8c5
4.c3 d6
5.d4 Bc5b6
6.dxe5 dxe5
7.Qd1xd8 Nc6xd8
8.Nf3xe5 f6
 { time }
0-1

[Event "Tourn. n8356"]
[Site "www.chess-mail.com"]
[Date "2015.09.14"]
[Round "1"]
[White "Francesco"]
[Black "Vogue"]
[WhiteElo "2000"]
[BlackElo "2120"]
[Result "0-1"]
[Round "1"]
1.e4 c6
2.d4 d5
3.Nb1c3 dxe4
4.Nc3xe4 Nb8d7
5.Ng1f3 Ng8f6
6.Ne4xf6 Nd7xf6
7.Bc1g5 Bc8g4
8.c3 Qd8b6
9.b3 Nf6e4
10.Bg5d2 Ne4xd2
11.Qd1xd2 Bg4xf3
12.gxf3 O-O-O
13.Bf1h3 e6
14.O-O Bf8d6
15.Qd2g5 Qb6c7
16.Qg5g2 g5
17.a4 h5
18.Kh1 g4
19.fxg4 hxg4
{ resign }
0-1

[Event "Tourn. n8365"]
[Site "www.chess-mail.com"]
[Date "2015.09.14"]
[Round "1"]
[White "Bojan"]
[Black "Julian"]
[WhiteElo "1950"]
[BlackElo "1810"]
[Result "1-0"]
[Round "1"]
1.d4 d5
2.Ng1f3 Ng8f6
3.c4 c6
4.c5 Nb8d7
5.Nb1c3 Qd8c7
6.a3 e5
7.e3 e4
8.Nf3g5 h6
9.Ng5h3 Bf8e7
10.f3 exf3
11.Qd1xf3 O-O
12.Bf1d3 Rf8e8
13.O-O Nd7f8
14.e4 dxe4
15.Nc3xe4 Nf8g6
16.Nh3f2 Bc8e6
17.Nf2h3 Ra8d8
18.Nh3f4 Ng6xf4
19.Bc1xf4 Be6d5
20.Bf4xc7 Rd8d7
21.Bc7e5 Nf6xe4
22.Bd3xe4 Bd5xe4
23.Qf3xf7 { resign }
1-0

[Event "Tourn. n8326"]
[Site "www.chess-mail.com"]
[Date "2015.09.14"]
[Round "1"]
[White "Redabond"]
[Black "Neo"]
[WhiteElo "1730"]
[BlackElo "1780"]
[Result "0-1"]
[Round "1"]
1.e4 e5
2.Ng1f3 d6
3.Bf1c4 g6
4.d3 Bf8g7
5.O-O Ng8h6
6.Bc1xh6 Bg7xh6
7.Nb1c3 O-O
8.Nc3d5 c6
9.Nd5c3 Qd8e7
10.d4 exd4
11.Qd1xd4 Bh6g7
12.Qd4d3 Bc8g4
13.h3 Bg4xf3
14.Qd3xf3 b5
15.Bc4d3 a6
16.Rf1e1 Nb8d7
17.Qf3g3 Nd7e5
18.f4 Ne5xd3
19.cxd3 Bg7d4
20.Kh1 Qe7f6
21.Ra1b1 Ra8e8
22.Nc3e2 Bd4xb2
23.Re1d1 Bb2d4
24.Ne2xd4 Qf6xd4
25.f5 Qd4f6
 { time }
0-1

[Event "Tourn. n8330"]
[Site "www.chess-mail.com"]
[Date "2015.09.14"]
[Round "1"]
[White "Ulysse21"]
[Black "Wwgia"]
[WhiteElo "2260"]
[BlackElo "2150"]
[Result "0-1"]
[Round "1"]
1.d4 Ng8f6
2.c4 g6
3.Nb1c3 d5
4.Ng1f3 Bf8g7
5.Qd1b3 dxc4
6.Qb3xc4 a6
7.e4 b5
8.Qc4b3 Bc8b7
9.Bf1d3 O-O
10.O-O c5
11.Qb3c2 cxd4
12.Nc3e2 Nb8c6
13.a3 Ra8c8
14.Qc2b1 e5
15.Bc1d2 Rf8e8
16.b4 Nf6d7
17.Qb1b3 Nd7b6
18.Ra1c1 h6
19.g3 Qd8e7
20.Nf3h4 Kh7
21.f4 exf4
22.Ne2xf4 Nc6e5
{ resign }
0-1

[Event "Tourn. n8329"]
[Site "www.chess-mail.com"]
[Date "2015.09.14"]
[Round "1"]
[White "Asoka"]
[Black "Rons"]
[WhiteElo "2670"]
[BlackElo "2560"]
[Result "1/2-1/2"]
[Round "1"]
1.e4 c5
2.Ng1f3 d6
3.d4 cxd4
4.Nf3xd4 Ng8f6
5.Nb1c3 a6
6.Bf1e2 e5
7.Nd4b3 Bf8e7
8.Qd1d3 Nb8c6
9.Nc3d5 O-O
10.O-O Bc8e6
11.c3 Be6xd5
12.exd5 e4
13.Qd3c2 Nf6xd5
14.Qc2xe4 Nd5f6
15.Qe4c2 d5
16.Bc1e3 Qd8c7
17.g3 Rf8e8
18.Be2f3 h5
19.Rf1e1 h4
20.Be3g5 Nc6e5
21.Bf3g2 Nf6h5
22.Bg5e3 Nh5f6
23.Be3d4 Ne5c6
24.Bd4xf6 Be7xf6
25.Re1xe8 Ra8xe8
26.Ra1d1 Nc6e7
27.Qc2d3 g6
28.gxh4 Bf6xh4
29.Qd3e3 Re8d8
30.h3 Kg7
31.Qe3d4 Bh4f6
32.Qd4c5 Qc7e5
33.Qc5e3 Qe5d6
34.Qe3c5 Qd6e6
35.Nb3d4 Qe6d7
36.Qc5b6 Rd8e8
37.Qb6b3 b5
38.Nd4c2 Qd7a7
39.Nc2e3 { draw }
1/2-1/2

[Event "Tourn. n8335"]
[Site "www.chess-mail.com"]
[Date "2015.09.14"]
[Round "1"]
[White "Numanoid"]
[Black "Tartan"]
[WhiteElo "2500"]
[BlackElo "2490"]
[Result "1/2-1/2"]
[Round "1"]
1.e4 c5
2.Ng1f3 Nb8c6
3.d4 cxd4
4.Nf3xd4 g6
5.c4 Ng8f6
6.Nb1c3 d6
7.f3 Nc6xd4
8.Qd1xd4 Bf8g7
9.Bc1e3 O-O
10.Qd4d2 Bc8e6
11.Ra1c1 Qd8a5
12.Bf1d3 Nf6d7
13.b3 Nd7e5
14.Bd3b1 Ra8c8
15.O-O Rf8e8
16.Nc3d5 Qa5xd2
17.Be3xd2 { draw }
1/2-1/2

[Event "Match"]
[Site "www.echecsemail.com"]
[Date "2015.09.14"]
[Round "1"]
[White "Darknight"]
[Black "Chapi"]
[WhiteElo "1590"]
[BlackElo "2040"]
[Result "0-1"]
[Round "1"]
1.e4 c5
2.Bf1c4 Nb8c6
3.c3 d6
4.h3 Ng8f6
5.d3 g6
6.Bc1g5 Bf8g7
7.Bg5xf6 Bg7xf6
8.Qd1a4 Bc8d7
9.Qa4b3 O-O
10.Nb1d2 Nc6a5
11.Qb3d1 Na5xc4
12.dxc4 b5
13.Ng1e2 Bd7c6
14.b3 bxc4
15.bxc4 Bf6xc3
16.Ne2xc3 Qd8a5
17.Ra1c1 Ra8b8
18.f3 Rb8b4
19.Ke2 e6
20.Qd1e1 Qa5a6
21.Kd3 d5
22.e5 d4
23.Nc3b1 Qa6xa2
24.h4 Qa2a6
25.Qe1g3 h5
26.Qg3g5 Rf8b8
27.Qg5h6 Rb4a4
28.Rh1g1 Rb8b4
29.g4 Bc6d5
30.Kc2 Rb4xc4
31.Kd1 Bd5xf3
32.Nd2xf3 Rc4xc1
33.Qh6xc1 Qa6d3
34.Nf3d2 c4
35.Qc1c2 Qd3xc2
36.Kxc2 Ra4a1
37.Nd2xc4 hxg4
38.Nc4a3 Ra1a2
39.Kd3 f5
40.Kxd4 Ra2h2
41.Na3b5 a5
42.Nb1c3 Rh2xh4
43.Ke3 g3
44.Rg1xg3 f4
45.Kf3 fxg3
46.Kxg3 Rh4c4
47.Kf3 a4
48.Nc3e4 Rc4c6
49.Ne4d6 a3
50.Nb5xa3 Rc6c3
51.Kg4 Rc3xa3
52.Kg5 Kg7
53.Nd6e8 Kf7
54.Ne8f6 Ra3f3
55.Kg4 Rf3f5
56.Nf6d7 Ke7
57.Nd7b8 Kd8
58.Nb8c6 Kc7
59.Nc6e7 Rf5xe5
60.Ne7xg6 Kd6
61.Ng6xe5 Kxe5
62.Kf3 Kd4
63.Ke2 e5
64.Ke1 Ke3
65.Kd1 Kf2
66.Kd2 e4
67.Kd1 e3
68.Kc2 e2
{ resign }
0-1